000 00663cam a2200241 a 4500
001 3887462
005 20180126073102.0
008 900228s1990 vaua b 000 0 eng
010 _a 90010850
020 _a0934738580
040 _aDLC
_cDLC
_dDLC
041 _aeng
043 _an-usu--
080 _a508.75 LIT
082 0 0 _a508.75 LIT
_220
100 1 _a42
101 _aGJEO
245 1 0 _aWild southlands /
_cphotography by Bates Littlehales ; introduction by Michael Godfrey.
504 _aIncludes bibliographical references (p. 152).
906 _a7
_bcbc
_corignew
_d1
_eocip
_f19
_gy-gencatlg
942 _2ddc
_cBK
999 _c40991
_d40991